Soul winning. (Record no. 13215)

000 -LEADER
fixed length control field 00570nam a2200193 a 4500
001 - CONTROL NUMBER
control field :::00011033$&:&@@
003 - CONTROL NUMBER IDENTIFIER
control field OkBaRHE
005 - DATE AND TIME OF LATEST TRANSACTION
control field 20000607103405.0
008 - FIXED-LENGTH DATA ELEMENTS--GENERAL INFORMATION
fixed length control field s1981 j 000 0 eng u
040 ## - CATALOGING SOURCE
Transcribing agency
100 1# - MAIN ENTRY--PERSONAL NAME
Personal name Shofner, David.
245 10 - TITLE STATEMENT
Title Soul winning.
260 ## - PUBLICATION, DISTRIBUTION, ETC. (IMPRINT)
Place of publication, distribution, etc Chattanooga, TN., :
Name of publisher, distributor, etc AMG Publishers
Date of publication, distribution, etc c1981
300 ## - PHYSICAL DESCRIPTION
Extent 90 p. ;
Dimensions 20 cm.
650 ## - SUBJECT ADDED ENTRY--TOPICAL TERM
Topical term or geographic name as entry element Evangelistic Work
650 ## - SUBJECT ADDED ENTRY--TOPICAL TERM
Topical term or geographic name as entry element Witness Bearing (Christianity)
942 ## - ADDED ENTRY ELEMENTS (KOHA)
Source of classification or shelving scheme
Koha item type Books
Copies
Not for loan Copy number Koha item type Shelving location Price effective from Barcode Permanent Location Source of classification or shelving scheme Withdrawn status Lost status Damaged status Date acquired Date last seen Full call number
 1BooksGeneral Stacks2010-04-1411033RHEMA Bible Training College    2010-04-142010-04-14BV 4520 .S533